Popularne zagraniczne piosenki w Polsce. 07-13.05 Spotify - Statystyki

Ogólne statystyki
  • Ten quiz został rozwiązany 6 razy
  • Średni wynik to 9 z 30
Statystyki odpowiedzi
Wykonawca Odsłuchania Utwór % Poprawnych
Olivia Rodrigo 220K deja vu
83%
The Weeknd 312K Blinding Lights
67%
Olivia Rodrigo 281K drivers license
67%
Dua Lipa, DaBaby 422K Levitating
67%
The Neighbourhood 239K Sweater Weather
67%
Harry Styles 266K Watermelon Sugar
67%
Tom Odell 262K Another Love
50%
24kGoldn, iann dior 191K Mood
50%
The Weeknd 213K Save Your Tears
50%
The Weeknd, Ariana Grande 309K Save Your Tears (Remix)
50%
Doja Cat, SZA 418K Kiss Me More
33%
Justin Bieber, Daniel Caesar, Giveon 428K Peaches
33%
AURORA 234K Runaway
33%
Tiësto 360K The Business
33%
Masked Wolf 449K Astronaut In The Ocean
17%
Joel Corry, RAYE, David Guetta 201K BED
17%
Riton, Nightcrawlers, Mufasa, Hypeman 618K Friday
17%
Joel Corry, MNEK 237K Head & Heart
17%
MEDUZA, Dermot Kennedy 244K Paradise
17%
Doja Cat 196K Streets
17%
Ofenbach, Quarterhead, Norma Jean Martine 213K Head Shoulders Knees & Toes
0%
Bruno Mars, Anderson .Paak, Silk Sonic 211K Leave The Door Open
0%
Miley Cyrus, Dua Lipa 204K Miley Cyrus
0%
Lil Nas X 572K MONTERO (Call Me By Your Name)
0%
Ava Max 210K My Head & My Heart
0%
Ofenbach, Lagique 258K Wasted Love
0%
Nathan Evans, 220 KID, Billen Ted 222K Wellerman - Sea Shanty
0%
Dua Lipa 201K We're Good
0%
ATB, Topic, A7S 289K Your Love (9PM)
0%
Billie Eilish 363K Your Power
0%
Nie znaleziono quizów pasujących do podanych kryteriów
Rozkład punktacji
Procent ludzi z każdym wynikiem
Percentyl według liczby udzielonych odpowiedzi
Twoja historia wyników
Nie rozwiązałeś tego quizu